| 000 | 00574nam a2200169 4500 | ||
|---|---|---|---|
| 999 |
_c15286 _d15286 |
||
| 008 | 160901b xxu||||| |||| 00| 0 eng d | ||
| 022 | _a2094-8042 | ||
| 082 | _aDPer 370.105 M72 June 2010-Mar 2011 v. 59 n. 1-10 | ||
| 100 |
_913905 _aDanganan, Rodel R |
||
| 243 | _aThe modern teacher | ||
| 245 |
_aTribute to the Philippine national flag/ _cRodel R. Danganan. |
||
| 260 |
_aPhilippines: _bIn the Grade School, Inc., _cc2010-2011. |
||
| 300 |
_av59 n1, pages 8-9: _c28 cm. |
||
| 500 | _aThe Modern Teacher | ||
| 650 | 0 |
_913906 _aState emblems. _xK+12 |
|
| 942 |
_2ddc _cPER |
||